[Event "Leonid Stein Memorial-B"]
[Site "Lvov"]
[Date "2000.05.18"]
[Round "6"]
[White "Atalik, Suat"]
[Black "Chernin, Alexander"]
[Result "1/2-1/2"]
[WhiteElo "2575"]
[BlackElo "2583"]
[Annotator "Atalik,S"]
[PlyCount "33"]
[EventDate "2000.05.12"]
[EventType "tourn"]
[EventRounds "10"]
[EventCountry "UKR"]
[EventCategory "10"]
[SourceTitle "EXT 2002"]
[Source "ChessBase"]
[SourceDate "2001.11.25"]
[SourceVersion "1"]
[SourceVersionDate "2001.11.25"]
[SourceQuality "1"]

1. d4 d5 2. c4 c6 3. Nc3 Nf6 4. e3 e6 5. Nf3 Nbd7 6. Bd3 dxc4 7. Bxc4 b5 8. Bd3
a6 9. e4 c5 10. e5 cxd4 11. Nxb5 Ng4 12. Qa4 Bb7 13. Nbxd4 Qb6 14. O-O Bc5 15.
h3 Bxf3 16. hxg4 Bd5 17. Nb3 (17. Nb3 O-O 18. Qxd7 Bxb3 19. Bxh7+ Kxh7 20. Qd3+
Kg8 21. Qxb3 Qxb3 22. axb3 Rfb8 23. Ra4 Rxb3 24. Rc4 Rc8 25. Rc2 Rc7 $11)
1/2-1/2

[Event "EU-ch 7th"]
[Site "Kusadasi"]
[Date "2006.04.12"]
[Round "8"]
[White "Atalik, Suat"]
[Black "Kotanjian, Tigran"]
[Result "1-0"]
[WhiteElo "2632"]
[BlackElo "2435"]
[Annotator "Atalik,S"]
[PlyCount "67"]
[EventDate "2006.04.04"]
[EventType "swiss"]
[EventRounds "13"]
[EventCountry "TUR"]
[SourceTitle "CBM 111 Extra"]
[Source "ChessBase"]
[SourceDate "2006.05.09"]
[SourceVersion "1"]
[SourceVersionDate "2006.05.09"]
[SourceQuality "1"]

1. d4 d5 2. c4 c6 3. Nc3 Nf6 4. e3 e6 5. Nf3 Nbd7 6. Bd3 dxc4 7. Bxc4 b5 8. Bd3
a6 $5 {This is considered to be sharper} ({the universally accepted} 8... Bb7)
9. e4 c5 10. e5 cxd4 11. Nxb5 axb5 ({For some reason noone goes for} 11... Nxe5
12. Nxe5 axb5 13. Bxb5+ Bd7 14. Nxd7 Qa5+ 15. Bd2 Qxb5 16. Nxf8 $13 {In my
opinion it is difficult to handle these positions with white as well.}) 12.
exf6 gxf6 13. O-O Qb6 14. Qe2 b4 15. Rd1 Bc5 16. a4 $1 {A very important move!}
bxa3 17. bxa3 e5 $146 {Primitive but still this is an option.} (17... Bb7) 18.
Rb1 $2 {After a long thought I reacted really in the most naive way.} (18. Nh4
$1 $40 {casts doubt on his novelty.}) 18... Qe6 19. Nh4 Ba6 20. Qf3 (20. Qe4
Bxd3) 20... Bxd3 $3 {I have missed this one in my calculations.} 21. Qxa8+ Ke7
22. Qxh8 Bxb1 23. h3 Qa6 $1 24. Re1 Bg6 25. Nf3 d3 $1 26. Bf4 $8 {So far I
wanted to defend my weak points.} Qxa3 $2 (26... Qb6 $142 27. Bg3 Qb2 $17) 27.
Nxe5 $1 $11 Bxf2+ $4 {Something happenned with my young Armenian opponent's
computerlike brains.Maybe unplugged?} (27... fxe5 28. Rxe5+ Nxe5 29. Qxe5+ Kd7
30. Qc7+ Ke8 31. Qb8+ Ke7 32. Qc7+ Ke8 (32... Kf8 $2 33. Qd8+ Kg7 34. Be5+ Kh6
35. Qh4+ Bh5 36. Qf4+ Kg6 37. Qf6#) 33. Qb8+ $11) 28. Kxf2 Qc5+ $2 {One
mistake follows another.} (28... Qa7+ 29. Re3 (29. Kg3 fxe5 30. Bg5+ $16) (29.
Kf1 $2 fxe5 30. Bxe5 d2) 29... fxe5 30. Bxe5 Be4 31. Bd4 Qa2+ 32. Bb2 $18) 29.
Kf1 $1 (29. Be3 $2 Qc2+) 29... fxe5 30. Bxe5 Qc4 (30... d2 31. Bf6+ Kd6 32.
Be7+ Kd5 33. Qa8+ $1 {Better than to go for Q vs B+N.} (33. Bxc5 dxe1=Q+ 34.
Kxe1 Nxc5 $18) 33... Kc4 (33... Qc6 34. Qa5+) 34. Qa2+ $18) 31. Bc7+ {Winning
moves are abundante in this position.} (31. Bf6+ Kd6 32. Be7+ Kd5 33. Qa8+ Qc6
34. Qa2+ Qc4 35. Qa5+ Nc5 36. Qa8+ Kd4 37. Bf6#) (31. Bb2+ Be4 32. Qc3 $1 Qxc3
33. Rxe4+ $18) 31... Be4 32. Qd8+ Ke6 33. Qe8+ Kf6 34. Bd8+ $1 1-0

[Event "EU-chT (Men) 10th"]
[Site "Debrecen"]
[Date "1992.11.??"]
[Round "2.2"]
[White "Cvitan, Ognjen"]
[Black "Chernin, Alexander"]
[Result "1/2-1/2"]
[WhiteElo "2505"]
[BlackElo "2620"]
[Annotator "Bulletin"]
[PlyCount "76"]
[EventDate "1992.11.20"]
[EventType "team-swiss"]
[EventRounds "9"]
[EventCountry "HUN"]
[SourceTitle "EU-chT"]
[Source "ChessBase"]
[SourceDate "1999.07.01"]
[SourceVersion "2"]
[SourceVersionDate "1999.07.01"]
[SourceQuality "1"]
[WhiteTeam "Croatia"]
[BlackTeam "Hungary"]
[WhiteTeamCountry "CRO"]
[BlackTeamCountry "HUN"]

1. Nf3 d5 2. c4 c6 3. e3 Nf6 4. Nc3 e6 5. d4 Nbd7 6. Bd3 dxc4 7. Bxc4 b5 8. Bd3
a6 9. e4 c5 10. e5 cxd4 11. Nxb5 Ng4 12. Nd6+ Bxd6 13. exd6 Qa5+ 14. Bd2 Qd5
15. O-O (15. Qe2 $5) 15... Nge5 16. Nxe5 Nxe5 17. Bf4 Bb7 18. f3 Nxd3 19. Qxd3
O-O 20. Rfe1 f6 21. Qa3 Rfd8 (21... e5 22. Bd2 {/\ Bb4}) 22. Rac1 e5 23. Rc7
Bc6 (23... Rab8 24. Bh6 $3 gxh6 25. Qd3 e4 $8 26. Rxe4 f5 27. Ree7 $44 {->})
24. Bd2 Qxd6 25. Qa5 (25. Qxd6 $1 Rxd6 26. f4 $1 e4 (26... Re8 27. Bb4 Rde6 $2
28. f5) 27. Bb4 Rad8 28. Bxd6 Rxd6 29. Rxc6 $5 Rxc6 30. Rxe4 Rc1+ 31. Kf2 Rc2+
32. Kf3 Rxb2 33. Rxd4 $15) 25... Rd7 26. Rxd7 Bxd7 27. Rc1 Rc8 28. Rxc8+ Bxc8
29. Bb4 Qd7 30. Qc5 h6 31. h3 Bb7 32. a3 Bd5 $6 33. f4 $1 Kf7 (33... exf4 34.
Qxd4 Qf5 $1 $17) 34. Qf8+ Kg6 35. fxe5 fxe5 36. Bd6 Qe6 37. Qb8 Kh7 38. Qf8 Qf6
1/2-1/2

[Event "Hoogovens"]
[Site "Wijk aan Zee"]
[Date "1984.01.27"]
[Round "12"]
[White "Ree, Hans"]
[Black "Torre, Eugenio"]
[Result "0-1"]
[WhiteElo "2480"]
[BlackElo "2565"]
[Annotator "Bulletin"]
[PlyCount "76"]
[EventDate "1984.01.13"]
[EventType "tourn"]
[EventRounds "13"]
[EventCountry "NED"]
[EventCategory "13"]
[SourceTitle "MCL"]
[Source "ChessBase"]
[SourceDate "1999.07.01"]
[SourceVersion "1"]
[SourceVersionDate "1999.07.01"]
[SourceQuality "1"]

1. d4 d5 2. c4 c6 3. Nc3 Nf6 4. e3 e6 5. Nf3 Nbd7 6. Bd3 dxc4 7. Bxc4 b5 8. Bd3
a6 9. e4 c5 10. e5 cxd4 11. Nxb5 Nxe5 12. Nxe5 axb5 13. Qf3 Bb4+ 14. Kd1 Bd7 (
14... Rb8 $6 15. Bg5 Bb7 $2 16. Bxb5+ Ke7 17. Bc6 $18) 15. Nc6 Bxc6 16. Qxc6+
Ke7 17. Qxb5 Rb8 18. Qg5 h6 $1 19. Qxg7 Qd5 (19... Bd6 $6 20. Re1 $1 Qd7 21.
Bg6 Rbf8 22. Bxf7 Rxf7 (22... Rh7 23. Rxe6+ Qxe6 24. Qxf8+ $18) 23. Qxh8 Ng4
24. f3 Ne3+ 25. Bxe3 dxe3 26. Qd4 $18) 20. Qg3 Rhg8 21. Qf3 (21. Qc7+ Nd7 $40)
21... Rxg2 22. Qxd5 Nxd5 23. Ke2 f5 24. Bxh6 Bd6 $6 (24... Rh8 $1 $17 25. Kf3
$140 Rxh6 26. Kxg2 Nf4+ $19) 25. Kf3 Rxh2 26. Bg5+ Kd7 27. Rxh2 Bxh2 28. Rh1
Bd6 29. b3 Nb4 30. Bb1 $6 (30. Bc4 $1 e5 31. Rh7+ Kc6 32. Rh6 Kc5 $13) 30... d3
31. Ke3 Bc5+ 32. Kd2 Bxf2 33. Bxd3 Nxd3 34. Kxd3 Kc6 35. Kc4 Rg8 36. Bf6 Rg4+
37. Kc3 Bc5 $17 {_|_} 38. Rh4 $2 $138 Bd4+ 0-1

[Event "Nanjing FIDE GP (Women)"]
[Site "Nanjing"]
[Date "2009.09.30"]
[Round "3"]
[White "Dzagnidze, Nana"]
[Black "Zhu, Chen"]
[Result "1-0"]
[WhiteElo "2535"]
[BlackElo "2488"]
[Annotator "CB"]
[PlyCount "65"]
[EventDate "2009.09.28"]
[EventType "tourn"]
[EventRounds "11"]
[EventCountry "CHN"]
[EventCategory "8"]
[SourceTitle "CBM 132 Extra"]
[Source "ChessBase"]
[SourceDate "2009.11.03"]
[SourceVersion "1"]
[SourceVersionDate "2009.11.03"]
[SourceQuality "1"]

1. d4 d5 2. c4 e6 3. Nc3 c6 4. e3 Nf6 5. Nf3 Nbd7 6. Bd3 dxc4 7. Bxc4 b5 8. Bd3
a6 9. e4 c5 10. e5 cxd4 11. Nxb5 axb5 12. exf6 gxf6 13. Nxd4 {The main line
normally played here is} (13. O-O Qb6 14. Qe2) 13... Bb7 $6 (13... Qb6 $1 {
was the right reply and has been played a few times before with very good
results for black} 14. Nxb5 (14. Be3 Bb4+ 15. Ke2 Bc5 16. Nxb5 Bxe3 17. fxe3
Rg8 18. Kf2 Bb7 19. Bf1 Nc5 20. Nd6+ Qxd6 {0-1 Knuth,H (2301)-Buhmann,R (2547)/
Bad Koenigshofen GER 0-1 Knuth,H (2301)-Buhmann,R (2547)/Bad Koenigshofen GER})
14... Bc5 15. O-O Bb7 16. Kh1 Ne5 17. Be2 Rd8 18. Qe1 Nd3 19. Bxd3 Rxd3 20. Nc3
Qc6 21. f3 Rxf3 22. gxf3 Qxf3+ 23. Rxf3 Bxf3# {0-1 Smirnov,A-Yagupov,I/Tula
0-1 Smirnov,A-Yagupov,I/Tula}) 14. Bxb5 (14. Be3 Bxg2 15. Rg1 Bd5 16. Bxb5 Qc7
17. Qd3 $16 Qxh2 18. Bxd7+ Kxd7 19. Qb5+ Kd8 20. Nc6+ Kc7 21. Bb6+ Kc8 22. Na7+
Kb7 23. Ba5+ {1-0 Alterman,B (2600)-Har Zvi,R (2485)/Israel 1-0 Alterman,B 
(2600)-Har Zvi,R (2485)/Israel}) (14. O-O {has also been played a few times})
14... Rg8 (14... Bxg2 15. Rg1 Bd5 {with dynamic equality}) 15. Be3 Qa5+ 16. Ke2
$5 (16. Bd2 Qb6 17. Bc3 Rxg2 $15) 16... Rxg2 17. a4 {threatening Nxe6} Bd5 18.
Rc1 $1 {white keeps up the pressure} Rg4 $6 (18... Qb4 19. Qc2 (19. Qd2 Qxd2+
20. Kxd2 Bd6 $11) 19... Rd8 20. Rhg1 Rxg1 21. Rxg1 $14) 19. h3 Rg6 $2 {but
this now allows} 20. Nc6 $1 Qc7 21. Ne7 Qe5 22. Nxd5 exd5 (22... Qxd5 23. Qxd5
exd5 24. Rc7 Rd8 25. Rd1 Bd6 26. Rxd7 Rxd7 27. Rxd5 $18) 23. Qd4 Bd6 24. Rhe1
Kd8 (24... Ke7 25. Kd1 Qh5+ 26. Kc2 Qf5+ 27. Bd3 $16) 25. Kf1 Qh5 26. Qb6+ $1 {
Very nice play by Nana! However missing a forced mate which Rybka points out
in its normal exasperating way!} (26. Qxf6+ $3 Rxf6 (26... Nxf6 27. Bb6+ Bc7
28. Bxc7+ Kc8 29. Bd6+ Kb7 (29... Kd8 30. Be7#) 30. Re7+ Kb6 31. Bc5+ Ka5 32.
b4# {Diagram #}) 27. Bb6+ Bc7 28. Bxc7+ Kc8 29. Ba5+ {and mate shortly after})
26... Ke7 27. Bc5+ Kf8 28. Qxd6+ Kg7 29. Bxd7 {of course position is
resignable but Zhu Chen kibitized out a few move's in white's habitual
timetrouble} Qf3 30. Rc3 Qg2+ 31. Ke2 Qe4+ 32. Kd2 Qh4 33. Re8 1-0

[Event "POL-chT 51st"]
[Site "Lubniewice"]
[Date "1995.??.??"]
[Round "6"]
[White "Murdzia, Piotr"]
[Black "Kuczynski, Robert"]
[Result "0-1"]
[WhiteElo "2425"]
[BlackElo "2480"]
[Annotator "Chekhov,V"]
[PlyCount "70"]
[EventDate "1995.09.14"]
[EventType "team-tourn"]
[EventRounds "11"]
[EventCountry "POL"]
[SourceTitle "EXT 1997"]
[Source "ChessBase"]
[SourceDate "1996.11.15"]
[SourceVersion "1"]
[SourceVersionDate "1996.11.15"]
[SourceQuality "1"]
[WhiteTeam "Gdansk Gedania"]
[BlackTeam "Gorzow Welkopolski"]
[WhiteTeamCountry "POL"]
[BlackTeamCountry "POL"]

1. d4 d5 2. c4 c6 3. Nc3 Nf6 4. e3 e6 5. Nf3 Nbd7 6. Bd3 dxc4 7. Bxc4 b5 8. Bd3
a6 9. e4 c5 10. e5 cxd4 11. Nxb5 axb5 12. exf6 gxf6 13. Nxd4 Qb6 14. Be3 Bb4+
15. Kf1 Bc5 16. Bxb5 (16. Be4 $6 Ra4 17. Rc1 Ba6 18. Rxc5 Qxc5 19. Bb1 Qd6 20.
b3 b4+ 21. Kg1 Ra5 $19 {Romanov,P-Ivanov,Se/Kstovo/1994/0|1/28/}) (16. Nxb5 $6
Bb7 17. a4 Rg8 18. Rg1 Bxe3 19. fxe3 Rg5 20. b4 Ne5 21. a5 Qxe3 $19 {Milanovic,
D-Zontakh,A/Pozarevac/1995/0|1/22/}) 16... e5 17. Bxd7+ Bxd7 18. Nc2 (18. Qf3
$6 Qa6+ 19. Ne2 Rg8 $1 20. Bxc5 Bc6 21. Qh5 Bxg2+ 22. Ke1 Bxh1 23. Qxh7 O-O-O
$17 {Alterman,B-Chernin,A/Groningen/1993/0|1/27/}) 18... Rd8 $5 {/N/} (18...
Rg8 $5 19. Bxc5 Qxc5 20. Ne3 Bc6 21. a4 Qb4 22. b3 Rd8 23. Qc1 Qb7 $146 {
Kwatschewsky,L-Opl,K/Wien/1994/0|1/67/}) 19. Kg1 (19. Qc1 Rc8 $5) 19... Bf5 20.
Qc1 Rc8 21. b3 (21. b4 Bd4 22. Bxd4 exd4 23. Qe1+ Kf8 24. Na3 d3 25. Qd2 Kg7
$17) (21. Qd1 $6 Qxb2) 21... Qb7 22. Ne1 (22. Qd2 $2 Bxc2 23. Qxc2 Bxe3 $19)
22... Bb4 23. Qd1 Bxe1 24. Qxe1 Rg8 25. f3 (25. g3 Be4 $19) 25... Rc2 26. Qf1
Bd3 (26... Bh3 $19) 27. Rc1 (27. Qxd3 Rgxg2+ 28. Kf1 Qxf3+ 29. Ke1 Rge2+ 30.
Kd1 Qxh1+ $19) 27... Bxf1 28. Rxc2 Qxf3 $19 29. Rc8+ Kd7 30. Rxg8 Qxe3+ 31.
Kxf1 Qc1+ 32. Kf2 Qxh1 33. a4 Qxh2 34. Rg4 f5 35. Rc4 f4 0-1

[Event "Candidates Tournament Montpellier"]
[Site "Montpellier"]
[Date "1985.10.??"]
[Round "6"]
[White "Seirawan, Yasser"]
[Black "Chernin, Alexander"]
[Result "1/2-1/2"]
[WhiteElo "2570"]
[BlackElo "2560"]
[Annotator "ChessBase"]
[PlyCount "75"]
[EventDate "1985.10.13"]
[EventType "tourn"]
[EventRounds "15"]
[EventCountry "FRA"]
[EventCategory "14"]
[SourceTitle "Candidates"]
[Source "ChessBase"]
[SourceDate "1999.07.01"]
[SourceVersion "2"]
[SourceVersionDate "1999.07.01"]
[SourceQuality "1"]

1. d4 d5 2. c4 c6 3. e3 Nf6 4. Nc3 e6 5. Nf3 Nbd7 6. Bd3 dxc4 7. Bxc4 b5 8. Bd3
a6 9. e4 c5 10. e5 cxd4 11. Nxb5 Ng4 12. Nbxd4 Bb4+ 13. Bd2 Bxd2+ 14. Qxd2 Bb7
15. Be2 Ndxe5 16. h3 Nxf3+ 17. Bxf3 Bxf3 18. Nxf3 Qxd2+ 19. Nxd2 Nf6 20. Ke2
Ke7 21. Rhc1 Nd5 (21... Rhc8 $1 $10 {(Chernin)}) 22. Rc4 $14 a5 23. a3 Rhc8 24.
Rac1 Rxc4 25. Rxc4 a4 26. Kd1 f5 27. Nb1 g5 28. g3 h5 29. Nc3 Nxc3+ 30. bxc3 g4
31. h4 Kd6 32. Rf4 Ra5 33. Kd2 Rd5+ 34. Ke3 Re5+ 35. Kd3 Rd5+ 36. Ke3 Re5+ 37.
Kd3 Rd5+ 38. Ke3 1/2-1/2

[Event "WchT 2nd"]
[Site "Luzern"]
[Date "1989.??.??"]
[Round "1.1"]
[White "Timman, Jan H"]
[Black "Nogueiras Santiago, Jesus"]
[Result "1-0"]
[WhiteElo "2635"]
[BlackElo "2560"]
[Annotator "Ftacnik,L"]
[PlyCount "51"]
[EventDate "1989.10.27"]
[EventType "team-tourn"]
[EventRounds "9"]
[EventCountry "SUI"]
[SourceTitle "CBM 016"]
[Source "ChessBase"]
[SourceDate "1990.06.01"]
[SourceVersion "1"]
[SourceVersionDate "1990.06.01"]
[SourceQuality "1"]
[WhiteTeam "Netherlands"]
[BlackTeam "Cuba"]
[WhiteTeamCountry "NED"]
[BlackTeamCountry "CUB"]

1. d4 d5 2. c4 c6 3. Nc3 Nf6 4. e3 e6 5. Nf3 Nbd7 6. Bd3 dxc4 7. Bxc4 b5 8. Bd3
a6 9. e4 c5 10. e5 cxd4 11. Nxb5 Nxe5 12. Nxe5 axb5 13. Bxb5+ Bd7 14. Nxd7 Qa5+
15. Bd2 Qxb5 16. Nxf8 Kxf8 17. b3 $5 {N} Ke7 $6 (17... Nd5 18. a4 Qd3 $13) 18.
a4 Qd5 19. O-O Rhc8 (19... Rhb8 $5) 20. b4 Ne4 21. b5 Rab8 (21... Nc3 $5) 22.
Bb4+ Kf6 23. Qf3+ Kg6 24. Qg4+ Kf6 25. Rfe1 Nd6 26. f4 {Ftacnik} 1-0

[Event "Groningen PCA"]
[Site "Groningen"]
[Date "1993.??.??"]
[Round "3"]
[White "Alterman, Boris"]
[Black "Chernin, Alexander"]
[Result "0-1"]
[WhiteElo "2585"]
[BlackElo "2615"]
[Annotator "Ftacnik,L"]
[PlyCount "54"]
[EventDate "1993.12.??"]
[EventType "swiss"]
[EventRounds "11"]
[EventCountry "NED"]
[SourceTitle "CBM 039"]
[Source "ChessBase"]
[SourceDate "1994.04.01"]
[SourceVersion "1"]
[SourceVersionDate "1994.04.01"]
[SourceQuality "1"]

1. d4 d5 2. c4 c6 3. Nc3 Nf6 4. e3 e6 5. Nf3 Nbd7 6. Bd3 dxc4 7. Bxc4 b5 8. Bd3
a6 9. e4 c5 10. e5 cxd4 11. Nxb5 axb5 12. exf6 gxf6 (12... Qa5+ 13. Bd2 Qb6 14.
fxg7 Bxg7 15. O-O Nc5 16. Bf4 Bb7 17. Re1 Nxd3 18. Qxd3 Qc6 19. Rac1 Qd5 20. b4
Rc8 21. Rxc8+ Bxc8 22. Be5 f6 23. Bxd4 O-O 24. Qe4 $13 {Barczay,L-Tompa,J/
HUN-ch/1976/0-1 (42)}) (12... Bb7 13. O-O (13. fxg7 Bxg7 14. O-O O-O (14... Qb6
15. Bf4 Nc5 16. Re1 Nxd3 17. Qxd3 Bxf3 18. Qxf3 O-O 19. Qg4 Kh8 20. Be5 Bxe5
21. Rxe5 d3 22. Rh5 Ra4 23. b4 f5 24. Qf4 $40 {Alterman,B-Morris,CF/Manila olm/
1992/1-0 (28)}) 15. Bxb5 Nc5 16. a4 (16. Bf4 e5 $1 17. Bg3 Ne6 $1 18. a4 e4 19.
Ne5 d3 20. Nd7 Nd4 $1 21. Qh5 $1 $8 Nxb5 22. Qxb5 Ba6 23. Qc6 Re8 24. Nb8 $1 {
Sakaev,K-Belikov,V/USSR/1990/0.5 (30)}) 16... e5 17. Ra3 Ne6 18. Re1 e4 19. Nd2
f5 20. Bc4 Bd5 21. Rg3 Kh8 22. b3 d3 23. Bxd5 Qxd5 24. Nc4 {Hjartarson,
J-Ivanchuk,V/Tilburg/1989/0.5 (25)}) 13... gxf6 (13... Qxf6 14. Bxb5 Bc5 15.
Bd2 Bd6 16. Re1 h6 17. a4 Ke7 18. Nxd4 Ne5 19. Qe2 Rhd8 20. Bc3 Qg6 21. g3 Rac8
22. f4 Nc6 23. Bxc6 Rxc6 24. Nxc6+ $16 {Hort,V-Vaganian,R/Moskva/1975/1-0 (58)}
) 14. Nxd4 (14. Bxb5 Rg8 15. Bf4 Qb6 16. a4 e5 17. Bg3 Bd6 18. Re1 Kd8 19. Nd2
Bb4 20. Re2 Nc5 21. Nc4 Qe6 22. Nxe5 fxe5 23. Rxe5 Qxe5 24. Bxe5 $18 {Cvitan,
O-Thorhallsson,T/Oberwart op/1991/1-0 (31)}) 14... Rg8 15. f3 Bc5 16. Be3 Rg5
$1 17. Nc2 Qb6 18. Qe2 O-O-O $5 19. Kh1 Re5 20. Rfe1 f5 21. Bxc5 Rxe2 22. Bxb6
Rxe1+ 23. Rxe1 Nxb6 24. Bxb5 $10 {Sherbakov,R-Sorokin,M/USSR/1991/0.5 (43)})
13. Nxd4 (13. O-O Qb6 14. Be4 Bb7 15. Bxb7 Qxb7 16. Nxd4 Rg8 17. Qf3 Qxf3 18.
Nxf3 Rg4 19. b3 Bc5 20. Rd1 Ne5 21. Nxe5 fxe5 22. a3 Rd4 23. Bb2 Rxd1+ 24. Rxd1
$10 {Miralles,G-Van der Wiel,J/Cannes tt (5)/1990/0.5 (60)}) 13... Qb6 14. Be3
(14. Nxb5 Rg8 15. O-O Bb7 16. g3 Ne5 $132) 14... Bb4+ 15. Kf1 Bc5 16. Bxb5 (16.
Nc2 Bb7 $17) 16... e5 $1 (16... Bxd4 17. Bxd7+ Bxd7 18. Qxd4 $14) 17. Bxd7+
Bxd7 18. Qf3 (18. Nc2 Bxe3 19. Nxe3 Qxb2 $17) 18... Qa6+ 19. Ne2 Rg8 20. Bxc5
Bc6 21. Qh5 Bxg2+ 22. Ke1 Bxh1 23. Qxh7 O-O-O $1 24. Rc1 Kb8 25. Qxf7 Bd5 26.
Qh5 Qd3 27. Qh4 Bc4 (27... Bc4 28. Ba7+ Kxa7 29. Qxc4 Qd2+ 30. Kf1 Qd1+ $1) 0-1

[Event "Las Palmas"]
[Site "Las Palmas"]
[Date "1994.??.??"]
[Round "6"]
[White "Lautier, Joel"]
[Black "Illescas Cordoba, Miguel"]
[Result "0-1"]
[WhiteElo "2625"]
[BlackElo "2590"]
[Annotator "Ftacnik,L"]
[PlyCount "96"]
[EventDate "1994.05.??"]
[EventType "tourn"]
[EventRounds "9"]
[EventCountry "ESP"]
[EventCategory "17"]
[SourceTitle "CBM 042"]
[Source "ChessBase"]
[SourceDate "1994.10.01"]
[SourceVersion "1"]
[SourceVersionDate "1994.10.01"]
[SourceQuality "1"]

1. d4 {Hecht} d5 2. c4 c6 3. Nf3 Nf6 4. Nc3 e6 5. e3 Nbd7 6. Bd3 dxc4 7. Bxc4
b5 8. Bd3 a6 9. e4 c5 10. e5 cxd4 11. Nxb5 axb5 12. exf6 gxf6 13. O-O Qb6 14.
Qe2 Ba6 15. a4 Nc5 $1 $146 16. axb5 Bb7 17. Rxa8+ Bxa8 18. Bc4 (18. Nxd4 Qd6 $1
19. Be3 (19. Nc6 Nxd3 (19... Qxd3 $2 20. Rd1 Qxe2 21. Rd8#) 20. Rd1 Nxc1 21.
Qc2 Qc7 22. Rd8+ Qxd8 23. Nxd8 Kxd8 $17) 19... Nxd3 20. Qxd3 Qd5 21. f3 e5 $17)
18... Nd7 (18... Rg8 19. Bf4 Rg4 20. Bg3 Ne4 $13) 19. Bf4 Bd6 20. Bg3 (20. Ra1
Bb7 21. Bxd6 Qxd6 $13) 20... Bxg3 21. hxg3 Ke7 22. Rd1 Bxf3 (22... e5 $2 23.
Nxd4) 23. Qxf3 Qc5 24. Bf1 Rd8 25. Qb7 $6 (25. Qc6 $1) 25... f5 $1 26. Qc6 Qb4
(26... Qxc6 27. bxc6 Ne5 28. Bb5 Rb8 29. Rc1 $14) 27. Ra1 (27. Qc1 Nf6 $13)
27... Qxb2 28. Ra7 $2 (28. Ra6 $1 Qb4 29. Qc7 $13) 28... d3 $1 29. Qc5+ (29.
Bxd3 $2 Qd4 30. Ra3 Ne5 $19) 29... Ke8 30. Qd6 d2 31. Be2 Qc1+ 32. Kh2 Qc5 33.
Qxc5 Nxc5 34. Bd1 Rd6 35. f3 (35. Ra2 Ne4 $19) 35... Nd3 36. Ra1 (36. Ra6 $1
Kd7 37. b6 Rd4 38. Ra2 Nb4 (38... Nf2 39. Rc2 $3 Nxd1 40. b7 Rb4 41. Rxd2+ Ke7
42. Rxd1 Rxb7 $15) 39. Rb2 Kc6 $19) 36... Nb2 37. Kg1 Nxd1 38. Rxd1 Kd7 39. Kf2
Kc7 40. Ke2 Kb6 41. Rxd2 Rxd2+ 42. Kxd2 Kxb5 43. Ke3 (43. f4 Kc4 44. Ke3 Kc3
$19) 43... f6 44. Kf4 (44. g4 fxg4 45. fxg4 Kc4 46. Kf4 h6 $19) 44... h5 (44...
Kc4 {Hecht} 45. g4 fxg4 46. Kxg4 Kd4 47. Kh5 e5 48. Kh6 f5 49. Kg5 e4 $19) 45.
Ke3 Kc4 46. Ke2 Kc3 47. Ke3 e5 48. Ke2 Kc2 (48... Kc2 49. Ke3 (49. Ke1 {Hecht}
Kd3 50. Kd1 e4 $19) 49... Kd1 $19 (49... Kd1 {Hecht} 50. Kf2 Kd2 51. Kf1 e4 $19
)) 0-1

[Event "Pozarevac"]
[Site "Pozarevac"]
[Date "1995.??.??"]
[Round "4"]
[White "Milanovic, Danilo"]
[Black "Zontakh, Andrey"]
[Result "0-1"]
[WhiteElo "2300"]
[BlackElo "2460"]
[Annotator "Ftacnik,L"]
[PlyCount "44"]
[EventDate "1995.06.??"]
[EventType "tourn"]
[EventRounds "13"]
[EventCountry "YUG"]
[EventCategory "8"]
[SourceTitle "CBM 049 Extra"]
[Source "ChessBase"]
[SourceDate "1996.01.01"]
[SourceVersion "1"]
[SourceVersionDate "1996.01.01"]
[SourceQuality "1"]

1. d4 d5 2. c4 c6 3. Nf3 Nf6 4. Nc3 e6 5. e3 Nbd7 6. Bd3 dxc4 7. Bxc4 b5 8. Bd3
a6 9. e4 c5 10. e5 cxd4 11. Nxb5 axb5 12. exf6 gxf6 13. Nxd4 Qb6 (13... Bb7)
14. Be3 (14. Bxb5 Bb4+ 15. Kf1 e5 16. Bxd7+ Bxd7 $44 {|^}) (14. Nxb5 Bb7 (14...
Rg8 15. O-O Bb7 16. g3 Ne5 $132) 15. O-O Rg8 $40) (14. Be4 Ra4 15. Be3 Bc5 $36)
14... Bb4+ 15. Kf1 Bc5 16. Nxb5 (16. Bxb5 e5 (16... Bxd4 17. Bxd7+ Bxd7 18.
Qxd4 $14) 17. Bxd7+ (17. Qf3 exd4 18. Bxd7+ Kxd7 $19) 17... Bxd7 18. Qf3 (18.
Nc2 Qxb2 (18... Rd8 19. Kg1 Bf5 20. Qc1 Rc8 21. b3 Qb7 22. Ne1 Bb4 23. Qd1 Bxe1
24. Qxe1 Rg8 25. f3 Rc2 26. Qf1 Bd3 {Murdzia,P-Kuczynski,R/POL-chT Lubniewice 
(06)/1995/0-1 (35)}) (18... Rg8 19. Bxc5 Qxc5 20. Ne3 Bc6 21. a4 Qb4 22. b3 Rd8
23. Qc1 Qb7 24. Rg1 Be4 25. f3 Bxf3 26. Kf2 Be4 27. a5 Qxb3 28. a6 {
Kwatschewsky,L-Opl,K/AUT-chT 9394 (08)/1994/0-1 (67)}) (18... Bxe3 19. Nxe3
Qxb2 $17) 19. Bxc5 Qb5+ 20. Kg1 Qxc5 21. Ne3 Be6 $15) 18... Qa6+ 19. Ne2 Rg8 $5
(19... Be7 $1 20. Kg1 Bc6 21. Qh5 Rg8 22. Ng3 Qd3 23. Rd1 Qg6 24. Qxg6 fxg6 $15
) 20. Bxc5 $8 Bc6 21. Qh5 $2 (21. Qf5 $1 Bxg2+ 22. Ke1 Bxh1 23. Rd1 $1 Qe6 (
23... Qc6 24. Qxh7 Qxc5 25. Qxg8+ Ke7 26. Qg4 $13) 24. Qxh7 Qg4 25. Qd3 Bc6 26.
Qd6 Qe6 27. Qc7 Rc8 28. Qa7 Ra8 $10) 21... Bxg2+ 22. Ke1 Bxh1 23. Qxh7 O-O-O $1
$19 {Alterman,B-Chernin,A/Groningen/1993/0-1 (27)}) (16. Nc2 Ne5 (16... Bb7 $17
)) (16. Be4 Ra4 17. Rc1 Ba6 18. Rxc5 Qxc5 19. Bb1 Qd6 20. b3 b4+ 21. Kg1 Ra5
22. Qf3 Rd5 23. g3 Ke7 24. Qe4 Nc5 25. Qh4 Rd8 26. Nf3 Rd1+ 27. Kg2 Rxh1 28.
Qxb4 Nb7 {0-1/Romanov,P-Ivanov,Se/Kstovo op (01)/1994/}) 16... Bb7 17. a4 (17.
Bxc5 Nxc5 18. Be2 Rd8 19. Qc2 Rg8 $132) (17. Qe2 Rg8 18. Rg1 Ne5 $132) 17...
Rg8 18. Rg1 Bxe3 19. fxe3 Rg5 (19... Qxe3 $2 20. Nd6+ Ke7 21. Nxb7 $18) 20. b4
Ne5 21. a5 $2 (21. h4 Nxd3 22. hxg5 Qxe3 $19) (21. Qe2 Nxd3 22. Qxd3 Rxb5 $1
23. Qxb5+ Qxb5+ 24. axb5 Rxa1+ $19) (21. Be2 $5) 21... Qxe3 22. Qe2 (22. Nd6+
Ke7 23. Nxb7 Nxd3 $19) (22. Nc7+ Ke7 23. Nxa8 Nxd3 $19) 22... Qf4+ (22... Qf4+
23. Ke1 (23. Qf2 Qxf2+ 24. Kxf2 Nxd3+ 25. Ke3 Rxb5 $19) 23... Nxd3+ 24. Qxd3
Rd8 $19) 0-1